书目信息 |
| 题名: |
王朝风云之大秦王朝
|
|
| 作者: | 李楠 编著 | |
| 分册: | ||
| 出版信息: | 北京 中国文史出版社 2021 |
|
| 页数: | 342页 | |
| 开本: | 24cm | |
| 丛书名: | 王朝风云 | |
| 单 册: | ||
| 中图分类: | K233.09 | |
| 科图分类: | ||
| 主题词: | 中国历史--zhong guo li shi--秦代--通俗读物 | |
| 电子资源: | ||
| ISBN: | 978-7-5205-2257-1 | |
| 000 | 01128oam2 2200253 450 | |
| 001 | 2160488087 | |
| 005 | 20210926145242.0 | |
| 010 | @a978-7-5205-2257-1@dCNY66.00 | |
| 100 | @a20210304d2021 em y0chiy0120 ea | |
| 101 | 0 | @achi |
| 102 | @aCN@b110000 | |
| 105 | @ay z 000yy | |
| 106 | @ar | |
| 200 | 1 | @a王朝风云之大秦王朝@Awang chao feng yun zhi da qin wang chao@f李楠编著 |
| 210 | @a北京@c中国文史出版社@d2021 | |
| 215 | @a342页@d24cm | |
| 225 | 2 | @a王朝风云@Awang chao feng yun@v3 |
| 330 | @a本书讲述的是秦国从崛起, 到前221年秦始皇统一中国, 再到前206年秦王子婴献国殒身这段时间的历史故事。 秦始皇嬴政奋六世之余烈, 剪灭群雄, 建立秦朝。 书同文、车同轨、统一度量衡。 秦始皇志得意满, 兴作无度, 修长城, 营宫室, 建陵墓, 焚书坑儒, 钳民自雄, 民怨沸腾。 秦二世胡亥即位后更加倒行逆施, 终至陈胜、吴广起事于前, 刘邦、项羽踵武于后。 “其兴也勃焉, 其亡也忽焉 ” , 一个赫赫之功的秦王朝土崩瓦解。 | |
| 461 | 0 | @12001 @a王朝风云 |
| 606 | 0 | @a中国历史@Azhong guo li shi@z秦代@j通俗读物 |
| 690 | @aK233.09@v5 | |
| 701 | 0 | @a李楠@Ali nan@4编著 |
| 801 | 0 | @aCN@b百万庄@c20210925 |
| 905 | @b1300091-94@dK233.09@e111@f4 | |
| 王朝风云之大秦王朝/李楠编著.-北京:中国文史出版社,2021 |
| 342页;24cm.-(王朝风云;3) |
| ISBN 978-7-5205-2257-1:CNY66.00 |
| 本书讲述的是秦国从崛起, 到前221年秦始皇统一中国, 再到前206年秦王子婴献国殒身这段时间的历史故事。 秦始皇嬴政奋六世之余烈, 剪灭群雄, 建立秦朝。 书同文、车同轨、统一度量衡。 秦始皇志得意满, 兴作无度, 修长城, 营宫室, 建陵墓, 焚书坑儒, 钳民自雄, 民怨沸腾。 秦二世胡亥即位后更加倒行逆施, 终至陈胜、吴广起事于前, 刘邦、项羽踵武于后。 “其兴也勃焉, 其亡也忽焉 ” , 一个赫赫之功的秦王朝土崩瓦解。 |
| ● |
| 相关链接 |
|
|
|
|
正题名:王朝风云之大秦王朝
索取号:K233.09/111
 
预约/预借
| 序号 | 登录号 | 条形码 | 馆藏地/架位号 | 状态 | 备注 |
| 1 | 1300091 | 213000919 | 第二样本阅览室/ [索取号:K233.09/111] | 在馆 | |
| 2 | 1300092 | 213000928 | 第二借阅区/ [索取号:K233.09/111] | 在馆 | |
| 3 | 1300093 | 213000937 | 第二借阅区/ [索取号:K233.09/111] | 在馆 | |
| 4 | 1300094 | 213000946 | 第二借阅区/ [索取号:K233.09/111] | 在馆 |